Transition Metal Complexes with Amidrazone Schiff Bases with Potential Catalytic Applications

Enregistré dans:
Détails bibliographiques
Auteur principal: Novotná, Lenka (Auteur)
Autres auteurs: Zalibera, Michal (Directeur de thèse)
Format: Manuscrit Livre
Langue:slovaque
anglais
Publié: 2025
Sujets:
Accès en ligne:http://is.stuba.sk/zp/portal_zp.pl?podrobnosti=176585
Tags: Ajouter un tag
Pas de tags, Soyez le premier à ajouter un tag!

MARC

LEADER 00000ntm a22000003a 4500
001 stuzp105236
003 SK-STU
005 20250607211337.7
007 ta
008 150427s2015----xo-----f-mn---000-0-slo-d
040 |a STU  |b slo 
041 0 |a eng 
100 1 |a Novotná, Lenka  |u 045210  |4 aut  |U FCHPT Ústav fyzikálnej chémie a chemickej fyziky  |T FCHPT Oddelenie fyzikálnej chémie  |X 105487  |U C5210  |Y 117  |7 105487 
242 0 1 |a Komplexy prechodných kovov s amidrazónovými Schiffovými bázami s potenciálnymi katalytickými aplikáciami  |y slo 
245 1 0 |a Transition Metal Complexes with Amidrazone Schiff Bases with Potential Catalytic Applications 
260 |c 2025 
650 4 |a EPR spectroscopy  |2 eng 
650 4 |a UV-Vis spectroscopy  |2 eng 
650 4 |a catalysis  |2 eng 
650 4 |a redox properties  |2 eng 
650 4 |a transition metal complexes  |2 eng 
650 4 |a EPR spektroskopia  |2 slo 
650 4 |a UV-Vis spektroskopia  |2 slo 
650 4 |a katalýza  |2 slo 
650 4 |a oxidačno-redukčné vlastnosti  |2 slo 
650 4 |a komplexy prechodných kovov  |2 slo 
700 1 |a Zalibera, Michal  |u 045210  |k Z1  |4 ths  |U FCHPT Ústav fyzikálnej chémie a chemickej fyziky  |T FCHPT Oddelenie fyzikálnej chémie  |X 10082  |U C5210  |Y 117  |7 10082 
856 4 |u http://is.stuba.sk/zp/portal_zp.pl?podrobnosti=176585